Linda Crisholm and Jean September, eds, Gender equity en South African Education 1994-2004: perspectives from research, goverment and unions- conference proceedings

Gorde:
Xehetasun bibliografikoak
Formatua: Texto
Etiketak: Etiketa erantsi
Etiketarik gabe, Izan zaitez lehena erregistro honi etiketa jartzen!

MARC

LEADER 00000 a a2200000 04500
001 8852
003
040
245 |a Linda Crisholm and Jean September, eds, Gender equity en South African Education 1994-2004:   |b perspectives from research, goverment and unions- conference proceedings  
773 |g volumen 23, número 5; páginas 717-718  
999 |c 23291  |d 23291